000 00492nam a2200193Ia 4500
003 OSt
005 20221007082816.0
006 a|||||r|||| 00| 0
007 ta
008 221006b |||||||| |||| 00| 0 eng d
024 _a23,179
037 _cDissertations
040 _aFLL
_cFLL
_beng
041 _2eng
_aeng
100 _aOjwock O.O.
_9699519
245 0 _aNon derogable rights under regional organizations.
942 _cDIS
_2CC
999 _c1167797
_d1167797